[Event "Boeblinger op 35th"]
[Site "Boeblingen"]
[Date "2018.12.28"]
[Round "5"]
[White "Dann, Matthias"]
[Black "Ochsner, Bjorn Moller"]
[Result "1-0"]
[WhiteElo "2539"]
[BlackElo "2457"]
[Annotator "Dann,M"]
[PlyCount "127"]
[EventDate "2018.12.26"]
[EventType "swiss"]
[EventRounds "9"]
[EventCountry "GER"]
[SourceTitle "EXT 2020"]
[Source "ChessBase"]
[SourceDate "2019.10.17"]
[SourceVersion "1"]
[SourceVersionDate "2019.10.17"]
[SourceQuality "1"]

{[%evp 0,127,21,31,31,31,13,13,18,5,5,19,61,9,9,-17,-16,-15,-15,-38,-35,-7,3,
-22,-2,10,6,27,15,15,25,13,18,-5,18,-1,7,-4,0,0,0,36,31,41,50,56,62,62,58,51,
83,53,52,65,83,91,79,84,84,74,75,69,59,58,69,52,70,52,70,52,51,55,62,48,74,65,
75,70,70,54,70,56,55,75,111,72,81,71,72,74,174,172,206,236,467,467,467,483,488,
373,409,409,409,375,375,378,383,379,385,390,378,378,377,384,416,438,425,433,
421,439,436,458,551,551,614,637,633,706,683,756]} 1. e4 e5 2. Nf3 Nc6 3. Bc4
Bc5 4. c3 Nf6 5. d4 (5. d3 {ist der heutige Standardzug.}) 5... exd4 6. e5 (6.
cxd4 {wird auf hohem Niveau kaum noch gespielt, da Schwarz bei genauem Spiel
mindestens Ausgleich erreicht.}) 6... d5 $1 {Dieser typische Gegenstoß im
Zentrum, den jeder 1.e4 e5 - Spieler kennen sollte, ist auch hier richtig.} 7.
Bb5 Ne4 8. cxd4 Bb6 (8... Bb4+ $6 {führt eher zu Problemen bei Schwarz. Weiß
kann zwischen} 9. Nbd2 {und} (9. Bd2 {wählen, beide Varianten versprechen
Vorteil für Weiß.})) 9. h3 {[%cal Gc8g4] ist ein seltener Zug und wurde vor
allem von GM Jobava gespielt.} (9. Nc3 {ist der Hauptzug.} O-O 10. Be3 Bg4 {
Diesen Zug verhindert Weiß mit 9.h3.} 11. h3 Bh5 12. Qc2 Bg6 13. Qb3 Ne7 14.
O-O c6 15. Bd3 Nd2 (15... Kh8 {1-0 (51) Jones,G (2677)-Aronian,L (2780)
Douglas 2018}) 16. Nxd2 Bxd3 17. Rfe1 $36 {1/2-1/2 (85) Kovalev,V (2639)
-Malakhov,V (2686) Riadh 2017}) 9... O-O 10. O-O Bd7 {[%csl Rb5][%cal Rc6e5]
Schwarz droht mit 11...Sxe5 einen Bauern zu gewinnen.} (10... f6 $1 {packt den
Stier direkt bei den Hörnern. Die Partie von Grischuk scheint eine direkte
Remisvariante zu sein:} 11. Bxc6 bxc6 12. Be3 fxe5 13. Nxe5 Ba6 14. Re1 Ba5 15.
Nxc6 Qh4 16. Nxa5 Rxf2 17. Nc3 Rxg2+ 18. Kxg2 Qg3+ 19. Kh1 Qxh3+ 20. Kg1 Qg3+
21. Kh1 Qh3+ 22. Kg1 Qg3+ 23. Kh1 Qh3+ {1/2-1/2 (23) Jobava,B (2699)-Grischuk,
A (2780) Khanty-Mansiysk 2015 CBM 167 [Szabo,Kr]}) 11. Ba4 Qe8 $6 $146 {
Dieser Zug sieht gekünstelt aus.} (11... f6 12. Bb3 Be6 13. Nc3 Ng5 $6 (13...
Kh8 $5 $146) 14. Nxg5 fxg5 15. Be3 $14 {0-1 (19) Januszewski,P (1874)
-Zielinski,M (1888) Ostroda 2009}) (11... Ne7 {[%cal Rc7c5,Yc5d4] ist auch ein
typisches Vorgehen, um den c-Bauern zum Laufen zu bringen. 1-0 (45) Jobava,B 
(2673)-Sakaev,K (2594) Minsk 2015}) 12. Bb3 Be6 13. Nc3 Rd8 14. Re1 {[%csl Re8]
[%cal Ye1e8] Weiß verstärkt den Druck gegen e4 und bestrahlt die Dame auf e8.
} Qd7 15. Be3 (15. Nxe4 $6 {würde Schwarz in die Hände spielen:} dxe4 16.
Rxe4 Nxd4 17. Nxd4 Bxd4 $15) 15... h6 16. Qd3 Bf5 (16... f5 $1 17. exf6 Rxf6
18. Nxe4 dxe4 19. Qxe4 Bxb3 20. axb3 Qf5 21. Qxf5 Rxf5 $44 {Schwarz hat keine
Probleme.}) 17. Qe2 Nxc3 18. bxc3 Na5 19. Nh4 Nxb3 (19... Bh7 20. Bc2 Bxc2 21.
Qxc2 Nc4 22. Nf5 $36) 20. Nxf5 $1 (20. axb3 Bh7 21. f4 f6 $13) 20... Qxf5 (
20... Nxa1 $2 {stellt die Partie ein:} 21. Qg4 g6 22. Nxh6+ Kg7 23. Qh4 Rh8 (
23... Nc2 24. Ng4 $18 (24. Bg5 $18)) 24. Qf6+ Kh7 25. Nxf7 $18) 21. axb3 $14 {
[%cal Gg2g4,Gf2f4,Gf4f5] Nominell hat Schwarz den guten und Weiß den
schlechten Läufer. Viel wichtiger in der Stellung ist, dass die weißen
Bauern am Königsflügel ins Laufen kommen.} a6 {Die nächsten Züge sind von
beiden Seiten sehr logisch.} 22. g4 $1 Qe6 23. f4 f5 $8 {Schwarz muss f5
stoppen.} (23... g6 $2 {hilft nicht wegen} 24. f5 $1 gxf5 25. gxf5 Qxf5 26. Kh2
Kh7 27. Rf1 Qe4 28. Rf6 $18) 24. Kh2 Rc8 $5 {[%cal Rc7c5]} 25. b4 {Weiß darf
kein Gegenspiel am Damenflügel zulassen, damit er langsam am Königsflügel 
(g-Linie) Fortschritte machen kann.} c6 26. Rg1 Bd8 27. Rg2 {Es ist schwierig
die beste Aufstellung für die Schwerfiguren auf der g-Linie zu bestimmen.} Rc7
28. Rag1 Kh7 29. gxf5 (29. g5 $6 hxg5 30. fxg5 g6 $11) 29... Qxf5 30. Qg4 Re7 (
30... Qxg4 $2 31. hxg4 $18 {[%cal Gf4f5,Ge5e6] Weiß kommt langfristig zu f5
und e6, was für Schwarz den Untergang bedeutet.}) 31. Rg3 Rff7 32. R1g2 Kh8
33. Qd1 (33. h4 $5 Qxg4 34. Rxg4 Kh7 $14 {Auch in dieser Stellung hat Weiß
noch Vorteil, aber mit Damen muss Schwarz mehr aufpassen.}) 33... Qe4 34. Qg1
Rc7 35. Bd2 Qf5 36. Qe3 Kh7 37. Qe2 Kh8 38. Qg4 Rce7 39. Qe2 Rc7 40. Rg4 Rce7
41. Qe3 Rc7 42. Qg3 Kh7 43. Be3 Kh8 44. h4 {[%cal Gg3h3,Gh4h5,Yg4g6] Ein neuer
Plan: Weiß will Dh3 nebst h5 und Tg6 spielen.} Rce7 $2 {stellt die Partie ein.
} (44... Kh7 45. Qh3 Qh5 (45... Kh8 46. h5 Rce7 47. Rg6 $16) 46. Bc1 Rf5 47.
Qg3 Rff7 48. e6 Rfe7 49. b5 $1 $18) 45. Rg6 $1 {[%cal Gg6h6,Ge5e6] Die
Doppeldrohung Txh6+ und e6 ist tödlich.} h5 (45... Rc7 46. Rxh6+ $18) 46. e6
$1 Qxe6 (46... Rxe6 47. Rxg7 $18) (46... Rf8 47. Rxg7 Qxe6 48. Rg6 Rf6 (48...
Qf7 49. Rh6+ $18) (48... Qd7 49. Rg8+ Rxg8 50. Qxg8#) 49. Rxf6 $18) 47. Rxe6
Rxe6 48. f5 $1 {Weiß nutzt die Gunst der Stunde und ist bereit dafür etwas
Material zurückzugeben.} Re4 (48... Bc7 49. fxe6 Bxg3+ 50. Rxg3 Re7 51. Rg5
$18) 49. Qg6 Rxh4+ 50. Kg1 Kg8 51. Bg5 Bxg5 52. Rxg5 Re7 53. f6 Rf7 54. Kg2 (
54. fxg7 Rg4+ 55. Rxg4 hxg4 56. Kg2 g3 $18 {gewinnt auch für Weiß, ist aber
komplizierter.}) 54... Re4 (54... Rg4+ 55. Rxg4 hxg4 56. fxg7 g3 57. Qe6 Kxg7
58. Kxg3 $18) 55. fxg7 Re2+ 56. Kh3 Re3+ 57. Rg3 Rxg3+ 58. Qxg3 Rxg7 59. Qb8+
Kh7 60. Kh4 Kg6 61. Qd6+ Kf5 62. Qe5+ Kg6 63. Qe6+ Kh7 64. Kxh5 {Schwarz kann
sich nicht halten.} (64. Kxh5 Rg1 65. Qf5+ Kg7 66. Qd7+ Kf6 67. Qxb7 $18) 1-0

[Event "FRA-chT Top 12"]
[Site "Brest"]
[Date "2019.05.25"]
[Round "8.4"]
[White "Movsesian, Sergei"]
[Black "Wagner, Dennis"]
[Result "0-1"]
[WhiteElo "2645"]
[BlackElo "2578"]
[Annotator "Dhananjay Khadilkar"]
[PlyCount "112"]
[EventDate "2019.05.18"]
[EventType "team-tourn"]
[EventRounds "11"]
[EventCountry "FRA"]
[SourceTitle "CBM 190 Extra"]
[Source "ChessBase"]
[SourceDate "2019.07.15"]
[SourceVersion "1"]
[SourceVersionDate "2019.07.15"]
[SourceQuality "1"]
[WhiteTeam "Asnieres"]
[BlackTeam "Nice-Alekhine"]
[WhiteTeamCountry "FRA"]
[BlackTeamCountry "FRA"]
[TimeControl "40/5400+30:1800+30"]

1. e4 {[%emt 0:00:00]} e5 {[%emt 0:00:00]} 2. Nf3 {[%emt 0:00:00]} Nc6 {
[%emt 0:00:00]} 3. Bc4 {[%emt 0:00:00]} Bc5 {[%emt 0:00:00]} 4. O-O {[%emt 0:
00:23]} Nf6 {[%emt 0:00:02]} 5. d3 {[%emt 0:00:08]} a6 {[%emt 0:01:20]} 6. c3 {
[%emt 0:05:57]} d6 {[%emt 0:00:08]} 7. a4 {[%emt 0:01:28]} h6 {[%emt 0:02:00]}
8. Nbd2 {[%emt 0:03:49]} (8. Re1 O-O 9. h3 a5 10. d4 Ba7 11. Bb3 Re8 12. Bc2
Bd7 13. Na3 Qc8 14. Nb5 Bb6 15. Bb1 exd4 16. cxd4 Nb4 17. Ra3 Re7 18. e5 dxe5
19. dxe5 Nfd5 20. Nh4 Qe8 21. Qe2 Nc6 22. Nf3 Rd8 23. Kh2 f5 24. g4 fxg4 25.
Qd3 g6 26. Qxd5+ Be6 27. Qe4 gxf3 28. Rg1 Bf7 29. Ba2 Bxa2 30. Rxg6+ Qxg6 31.
Qxg6+ Rg7 32. Qxg7+ Kxg7 33. Rxa2 Rd1 34. Ra1 Kf7 {0-1 (34) Giri,A (2797)
-Karjakin,S (2753) Shamkir 2019}) 8... O-O {[%emt 0:01:01]} 9. Re1 {[%emt 0:06:
39]} Ne7 {[%emt 0:00:11]} 10. Nf1 {[%emt 0:02:58]} Ng6 {[%emt 0:00:33]} 11. Ng3
{[%emt 0:01:24]} c6 {[%emt 0:00:34]} 12. Bb3 {[%emt 0:07:13]} Bg4 $146 {
[%emt 0:04:12]} (12... Ba7 13. d4 Re8 14. h3 d5 15. Nxe5 Nxe5 16. dxe5 Nxe4 17.
Nxe4 dxe4 18. Qxd8 Rxd8 19. g4 h5 20. Rxe4 Be6 21. Bc2 Bd5 22. Rb4 hxg4 23.
Rxg4 Be6 24. Rg3 Rd5 25. Bg5 Kf8 26. Re1 Bb8 27. Bf4 Bc7 28. h4 Rad8 29. h5 Bb6
30. h6 gxh6 31. Bxh6+ Ke8 32. Kg2 Kd7 33. Bb3 Ra5 34. Bc2 Rd5 35. Be4 Ra5 36.
Bg5 Re8 37. Bc2 Kc8 38. b4 Rd5 39. Bf6 Rd2 40. Be4 Bxf2 41. Rf1 Be1+ 42. Kf3 {
Topalov,V (2761)-Fressinet,L (2687) Paris 2016 0-1}) 13. h3 {[%emt 0:10:11]}
Qb6 {[%emt 0:01:43]} 14. Be3 {[%emt 0:00:47]} Bxf3 {[%emt 0:03:04]} 15. gxf3 {
[%emt 0:01:54]} Bxe3 {[%emt 0:01:06]} 16. fxe3 {[%emt 0:00:37]} a5 {[%emt 0:03:
42]} 17. Nf5 {[%emt 0:17:48]} d5 $132 {[%emt 0:03:50]} 18. Kh2 {[%emt 0:01:36]}
Rad8 {[%emt 0:11:15]} 19. Rg1 {[%emt 0:04:46]} Kh8 {[%emt 0:00:05]} 20. Qc2 {
[%emt 0:00:40]} Rd7 {[%emt 0:01:41]} 21. Rg2 {[%emt 0:01:46]} Ne7 {[%emt 0:09:
23]} 22. Nxe7 {[%emt 0:02:00]} Rxe7 {[%emt 0:00:10]} 23. Re1 {[%emt 0:00:23]}
Nh5 {[%emt 0:00:00]} 24. Ba2 {[%emt 0:04:31]} f5 {[%emt 0:23:34]} 25. Qf2 {
[%emt 0:05:55]} fxe4 {[%emt 0:09:05]} 26. Qh4 {[%emt 0:00:36]} Nf6 {[%emt 0:00:
12]} 27. fxe4 {[%emt 0:00:26]} dxe4 {[%emt 0:04:35]} 28. dxe4 {[%emt 0:00:19]}
Qd8 {[%emt 0:01:13]} 29. Reg1 {[%emt 0:04:32]} Rd7 {[%emt 0:10:13]} 30. Be6 {
[%emt 0:06:58]} Rd2 {[%emt 0:00:07]} 31. Bf5 {[%emt 0:00:16]} Rxg2+ {[%emt 0:
00:33]} 32. Rxg2 {[%emt 0:00:09]} Qe7 {[%emt 0:00:14]} 33. Qg3 {[%emt 0:04:56]}
Rd8 {[%emt 0:02:25]} 34. Qg6 {[%emt 0:01:38]} Rd3 {[%emt 0:00:40]} 35. Qg3 {
[%emt 0:00:33]} Rd6 {[%emt 0:01:34]} 36. Qg6 {[%emt 0:01:23]} Rd3 {[%emt 0:00:
14]} 37. Qg3 {[%emt 0:00:06]} Qc7 {[%emt 0:03:48]} 38. Be6 {[%emt 0:01:06]}
Nxe4 {[%emt 0:03:45] Wagner fell into a trap here with 38...Nxe4 (...Rd6 is
balanced) as 39.Qg6 Nf6 gives White a winning attack. But on the last move of
the first time control, Movsesian missed it!} (38... Rd6) 39. Qg6 {[%emt 0:01:
16]} Nf6 {[%emt 0:00:02]} 40. e4 $2 {[%emt 0:01:40] The Armenian GM played 40.
e4? which allowed Wagner to consolidate his pawn advantage by 40...♛e7.
Movsesian tried to maintain the pressure, but the black king escaped while
White's ended up in hot water.} Qe7 {[%emt 0:01:05]} 41. Bf5 {[%emt 0:10:28]}
Rd8 {[%emt 0:06:35]} 42. Qg3 {[%emt 0:04:28]} Rd6 {[%emt 0:02:17]} 43. Qg6 {
[%emt 0:01:47]} Rd3 {[%emt 0:00:19]} 44. Kh1 {[%emt 0:03:28]} Rd6 {[%emt 0:04:
38]} 45. Kh2 {[%emt 0:00:37]} Kg8 {[%emt 0:00:54]} 46. Kh1 {[%emt 0:03:53]} Kf8
{[%emt 0:00:49]} 47. Rf2 {[%emt 0:00:30]} Rd3 {[%emt 0:04:25]} 48. Bg4 {
[%emt 0:03:51]} Kg8 {[%emt 0:12:41]} 49. Be2 {[%emt 0:00:12]} Rxh3+ {[%emt 0:
01:24]} 50. Kg2 {[%emt 0:00:05]} Rh4 {[%emt 0:00:43]} 51. Bc4+ {[%emt 0:00:24]}
Kf8 {[%emt 0:00:01]} 52. Qh7 {[%emt 0:00:11]} Ke8 {[%emt 0:00:39]} 53. Qf5 {
[%emt 0:02:46]} Kd8 {[%emt 0:00:01]} 54. Re2 {[%emt 0:01:56]} Rg4+ {[%emt 0:01:
07]} 55. Kh2 {[%emt 0:00:25]} Rf4 {[%emt 0:00:26]} 56. Qg6 {[%emt 0:00:03]}
Rh4+ {[%emt 0:00:17]} 0-1

[Event "Candidates FIDE m1"]
[Site "Wijk aan Zee"]
[Date "1994.??.??"]
[Round "2"]
[White "Gelfand, Boris"]
[Black "Adams, Michael"]
[Result "1/2-1/2"]
[WhiteElo "2685"]
[BlackElo "2660"]
[Annotator "Donev,I"]
[PlyCount "43"]
[EventDate "1994.01.16"]
[EventType "match"]
[EventRounds "8"]
[EventCountry "NED"]
[SourceTitle "CBM 039"]
[Source "ChessBase"]
[SourceDate "1994.04.01"]
[SourceVersion "1"]
[SourceVersionDate "1994.04.01"]
[SourceQuality "1"]

1. e4 {Wolff} e5 2. Nf3 Nc6 3. Bc4 Bc5 4. c3 Nf6 5. d3 d6 6. Bb3 a6 7. Nbd2 O-O
8. h3 Ba7 9. Nf1 $1 {Weiß spielt Nd2-f1-g3 vor der Rochade weil der Turm
später ein tempo gewinnt Rf1-d1 statt 9.0-0,Re1,Nf1 nebst Rd1.} d5 (9... h6 $5)
(9... Ne7 {Wolff} 10. Ng3 Ng6 11. O-O b5 $5 (11... Be6 12. d4 $14) 12. d4 (12.
Re1 $5 Bb7 $140 13. Nf5 $14) 12... Bb7 13. Re1 Re8 14. Bc2 d5 $1 $10 {Bolognan,
V-Georgiev,Ki Tilburg 1993}) 10. Qe2 Re8 (10... dxe4 11. dxe4 h6 (11... Nh5 $1
{Wolff} 12. g3 (12. N1h2 Nf4 13. Bxf4 exf4 $132) 12... Nf6 $13 {Belikov,
V-Neverov,A USSR 1990}) 12. Be3 Bxe3 13. Qxe3 Qe7 $10) 11. Ng3 $146 (11. Bg5
dxe4 12. dxe4 Be6 13. Rd1 Qe7 $10 {Mora,V - Holubkova,M Debrecen E 1992}) 11...
h6 12. O-O Be6 $10 13. Rd1 $1 {Siehe der komentar zum neunten zug!} Qd7 14. Nh4
{! Wolff} (14. d4 exd4 (14... dxe4 15. Nxe5 Qd6 16. Nf5 Bxf5 $2 (16... Qf8 $142
) 17. Nxf7 $1 $16) 15. e5 Ne4 16. Nxe4 (16. cxd4 $5 Nxg3 17. fxg3 Na5 18. Bc2
Bf5 $15) 16... dxe4 17. Nxd4 Nxd4 18. cxd4 Bxb3 19. axb3 Bxd4 20. Be3 c5 21.
Bxd4 cxd4 22. Qxe4 Rad8 $15) 14... Ne7 (14... Rad8 $5 15. Nhf5 Ne7 $10) 15. Qf3
(15. exd5 {Wolff} Bxd5 $10 16. Qxe5 $2 Bxb3 17. axb3 Ng6 $19) 15... dxe4 16.
dxe4 Qc6 17. Bc2 {/\Bh6} (17. Nhf5 $6 Nxf5 (17... Bxf5 {Wolff} 18. Nxf5 Nxf5
19. Qxf5 Qxe4) 18. exf5 (18. Nxf5 Nxe4 19. Be3 Bxe3 20. Nxe3 Bxb3 21. axb3 Rad8
$15) 18... Qxf3 19. gxf3 Bxb3 20. axb3 Rad8 21. Be3 Bb6 $15) (17. Bxh6 $2 Bxb3
18. axb3 gxh6 $19) (17. Bxe6 {Wolff} Qxe6 18. Ngf5 Ng6 $1 $10) (17. Be3 {Wolff}
Bxe3 18. Qxe3 Ng6 $5) 17... Kh7 18. Nhf5 (18. Rd5 {Wolff} Ng6 $1 19. Nxg6 $140
fxg6 20. Rxe5 Nd7 $17) 18... Nxf5 19. Nxf5 Bxf5 20. Qxf5+ g6 $10 21. Qf3 Kg7
22. Be3 (22. b3 $142 Rad8 23. Bb2 $13) 1/2-1/2

[Event "ISR-ch"]
[Site "Tel Aviv"]
[Date "2002.11.27"]
[Round "3"]
[White "Erenburg, Sergey"]
[Black "Kreizberg, Michael"]
[Result "1-0"]
[WhiteElo "2494"]
[BlackElo "2346"]
[Annotator "Erenburg,S"]
[PlyCount "43"]
[EventDate "2002.11.24"]
[EventType "swiss"]
[EventRounds "9"]
[EventCountry "ISR"]
[SourceTitle "CBM 093"]
[Source "ChessBase"]
[SourceDate "2003.04.01"]
[SourceVersion "1"]
[SourceVersionDate "2003.04.01"]
[SourceQuality "1"]

1. e4 e5 2. Nf3 Nc6 3. Bc4 Bc5 4. c3 Nf6 5. d3 (5. d4 {This move leads to long
theoretical variations, where white doesn't achieve anything.}) 5... d6 6. Bb3
({Other option for white is:} 6. Nbd2 {1/2-1/2 Fedorov,A-Rizouk,A/Shenyang
2000/CBM 79/[Lukacs] (83)}) 6... h6 {Other possibilities are:} (6... O-O 7. Bg5
Be6 8. Nbd2 {0-1 Kasparov,G-Timman,J/Rotterdam 1999/CBM 73 (59)}) (6... Bb6 7.
Nbd2 Ne7 8. Nc4 Be6 9. h3 O-O 10. O-O Ng6 11. Re1 c6 12. Nxb6 Qxb6 13. Bc2 $14
{1/2-1/2 Kramnik,V-Krasenkow,M/Moscow 1991/URS-ch (53)}) (6... Bg4 {It is too
dubious to play this move, while white doesn't make the castle, in view of
following g2-g4, which gets away the black bishop out of the game. For example:
} 7. h3 Bh5 8. Nbd2 O-O 9. Qe2 Re8 10. g4 Bg6 {[%csl Rg6]} 11. Nf1 d5 12. Ng3
dxe4 13. dxe4 $16 {1-0 Kasparov,G-Karman,A/Internet 2000/EXT 2001 (34)}) 7.
Nbd2 {White doesn't hurry to make the castle, saving the option of attack on
the king side with g2-g4.} (7. h3 {See 0-1 Kasparov,G-Lautier,J/Linares 1994/
CBM 40/[Lautier] (29)}) 7... O-O 8. h3 {[%cal Yd2f1,Yg2g4] White prepares to
centralize his pieces and maybe prepares the attack on the black monarch.} (8.
Nf1 {The mistake was to play} Ng4 {[%csl Rf2]}) 8... Nh5 $6 $146 {[%cal Yd8f6,
Gh5f4] This continuation is a strange one, and in my opinion, is a dubious
novelty, but it isn't so easy for white to find clear refutation.} (8... Bb6 9.
Nc4 Ne7 10. g4 {It is one of the main ideas for white in this variation to
start the attack on the black king, without making the castle.} Nh7 11. g5 $40
{1-0 Colin,V-De Vreugt,D/Aviles 2000/CBM 77 ext (38)}) 9. d4 {The most logical
and principal reply,} ({deserved attention,} 9. g3 $5 {,covering the f4 square}
) (9. Nxe5 $4 Nxe5 10. Qxh5 Nxd3+) 9... Bb6 ({After} 9... exd4 10. cxd4 Bb6 ({
Of course not} 10... Nxd4 $4 11. Nxd4 Bxd4 12. Qxh5 $18) 11. O-O $14 {[%csl
Gd4,Ge4][%cal Yd2c4] white succeeds to take the control over the center.}) 10.
Nc4 (10. d5 {leads to unclear position.} Ne7 11. Nc4 $13) (10. O-O $5 {comes
into consideration.}) 10... Qf6 $6 {This move allows white to get a pair of
bishops, to complete the development and to keep the center. All these factors
give the advantage for white.} ({Black had to play} 10... exd4 $142 {,
continuing the principal fight for the center.} 11. Nxb6 (11. cxd4 Nf6 {
and white has some problem with the e4-pawn. For example:} 12. Bc2 Nxe4) 11...
axb6 12. Nxd4 (12. cxd4 Nf6 {see 11.cxd4.}) 12... Nf6 13. f3 $13 {[%cal Ge1g1]}
) 11. Nxb6 axb6 12. O-O $14 Nf4 13. Kh2 $1 {White parries black's attack
without any serious problems. White is intending to play Be3, then Ng1
following by g3, driving out the black knight from its active position.} Ra5 $6
{[%cal Ge5d4,Ga5h5] This move isn't the decisive mistake yet, but it is very
commiting move. After this move black goes for all or nothing.} 14. Be3 $1 {
defending the d4-pawn and preparing Ng1.} exd4 $6 (14... Ne7 {The least of the
evils, that could be recommended for black is to renounce one's idea of attack.
}) 15. cxd4 $16 Rh5 ({Better was} 15... Re8 {keeping a playable position.}) 16.
Ng1 $8 Ne7 $2 {And now it is already a decisive mistake.} ({After white
parried easily the black's threats on the white king, Rh5 is absolutely out of
the game and it is just a target, so more resistant was} 16... Ra5) {[%tqu
"En","Please find the way to get a decisive advantage for white.","","","e3f4",
"",10]} 17. Bxf4 $1 $18 (17. g3 {remains some chance for black.} Neg6 $1 (17...
Bxh3 $2 18. Nxh3 Rxh3+ 19. Kg1 Neg6 (19... Nfg6 20. Qg4 $18) 20. Bxf4 Nxf4 21.
Qg4 $18)) (17. Qf3 Neg6) 17... Qxf4+ 18. g3 {White is going to capture the
black rook on h5.} Qg4 (18... Qg5 {doesn't change anything} 19. f4 $18) 19.
Qxg4 Bxg4 20. f4 $1 {[%csl Rh5][%cal Gf4f5,Gh2g2] Black is going to pay for
his wrong manouevre Ra8-a5-h5. The Rh5 is doomed.} Bc8 21. f5 {[%csl Rh5][%cal
Rg3g4]} d5 22. Bd1 (22. g4 Rg5 23. Nf3 {good as well}) (22. Bd1 Rg5 (22... g6
23. g4 $18) 23. h4 $18) 1-0